Statistics for Premier League General Knowledge #5

Click here to take the quiz!

General Stats

  • This quiz has been taken 135 times
    (30 since last reset)
  • The average score is 6 of 23

Answer Stats

QuestionAnswer% Correct
Who were the three managers that took charge of Portsmouth during the 2004/05 season?Harry Redknapp
74%
Who scored the fastest Premier League goal of all-time?Shane Long
61%
Dimitar Berbatov
57%
Who is Coventry City’s only Golden Boot winner?Dion Dublin
48%
Which two strikers tied for the Golden Boot in the 2010/11 season?Carlos Tévez
43%
Who replaced Rafael Benítez as Chelsea manager?José Mourinho
43%
Mike Phelan
43%
Which Dutchman played for Chelsea, Middlesbrough, Liverpool and Sunderland?Boudewijn Zenden
39%
Which manager brought Birmingham City up to the Premier League for the first time?Steve Bruce
26%
Steve McClaren
22%
Sir Chips Keswick is the chairman of which Premier League club?Arsenal
22%
Which Chelsea captain was sold to Leicester City?Dennis Wise
17%
Which club was Louis Saha’s first in the Premier League?Newcastle United
17%
Walter Smith
13%
What is the surname of the Swedish brothers that played for Southampton?Svensson
13%
Which 4 Premier League managers also served as Sir Alex Ferguson’s assistants at Manchester United?Brian Kidd
13%
Alain Perrin
13%
Who replaced Owen Coyle as Burnley manager?Brian Laws
9%
Who replaced Ray Harford as Blackburn Rovers manager?Roy Hodgson
9%
What is the name of the Norwegian that played for Manchester United and Fulham?Erik Nevland
4%
Which Liverpudlian managed Southampton and Wolverhampton Wanderers in the Premier League?Dave Jones
4%
What is the name of the Georgian defender that played for Blackburn Rovers?Zurab Khizanishvili
0%
Velimir Zajec
0%

Score Distribution

Percentile by Number Answered

Percent of People with Each Score

Your Score History

You have not taken this quiz since the last reset